Polt̕icas, Universidad e innovacin̤ retos y perspectivas /

Bibliographic Details
Main Author: Toledo Lara, Gustavo
Format: eBook
Language:Spanish
Published: Barcelona: J.M. Bosch Editor, 2020
Subjects:
Online Access:Acceso restringido

MARC

LEADER 00000nam a22000007a 4500
005 20220413231437.0
007 cr|||| ||||
008 220413s2020 es |||||s|||| 00||0 spa d
020 |a 978-84-122314-0-3 
035 |a 35571 
040 |a vLex 
090 |c 13181  |d 13181 
100 1 |a Toledo Lara, Gustavo 
245 1 0 |a Polt̕icas, Universidad e innovacin̤  |h [Recurso electrn̤ico] :  |b retos y perspectivas /  |c Gustavo Toledo Lara 
256 |a Servicio en ln̕ea 
260 |a Barcelona:  |b J.M. Bosch Editor,  |c 2020 
300 |a 1 recurso electrn̤ico 
500 |a Las ciencias sociales y jurd̕icas en su conjunto constituyen un amplio campo de accin̤ e interaccin̤ y esa dinm̀ica es propicia para observar fenm̤enos y a partir de esto, intentar inferir su significado y, por ende, sus implicaciones. Las sociedades modernas tambiň han vivido hechos que han generado profundas y heterogňeas transformaciones a todo nivel. Ante esta realidad, se ha de reconocer un conjunto de desafo̕s que si se quiere implican momentos l̀gidos que ponen a prueba la conviccin̤ democrt̀ica. Hablamos por ejemplo del crecimiento de la poblacin̤, la globalizacin̤ y la redefinicin̤ de la idea de Estado, la multiculturalidad, el aumento de los niveles educativos, la participacin̤ en los procesos electorales, las contracciones econm̤icas, la pobreza, la sociedad de la informacin̤ y el conocimiento, los derechos civiles, polt̕icos y sociales. Siempre resultar ̀t︢il aproximarnos a diversas lecturas y anl̀isis desde ml︢tiples perspectivas. Las voces crt̕icas que constantemente reclaman un conocimiento real, tienen como principal argumento que en efecto el conocimiento necesita parecerse lo ms̀ posible al mundo en el que vivimos, precisamente para asegurar ese encuentro entre el contexto y el saber, solo que ese encuentro debe generarse bajo ciertos estǹdares que posibiliten la socializacin̤ del conocimiento sin dejar de reconocer la identidad disciplinaria y sus caracters̕ticas definitorias. Polt̕icas, Universidad e innovacin̤: retos y perspectivas nos acerca a un conjunto de temas que, desde la actualidad, nos ayudar ̀a visualizar las implicaciones sociales, polt̕icas y jurd̕icas de los aspectos que aqu ̕se desarrollan. 
506 1 |a Disponible solo en los productos indicados  |d vLex Global  |d vLex Global (Academic Edition, excluding Law Schools)  |d vLex Global (U.S. Academic Edition, Law Schools)  |d vLex Global (U.S. Academic Edition, excluding Law Schools)  |d vLex Global (Academic Edition, Law Schools) 
650 0 4 |a Educacin̤  |z Espaą 
650 0 4 |a Universidades  |z Espaą 
740 0 |a vLex Libros (Servicio en ln̕ea) 
856 4 0 |u https://app.vlex.com/#/sources/35571  |z Acceso restringido 
942 |c BOOK 
999 0 |a Education 
999 0 |a Universities